Polar babies / (Record no. 5126)

MARC details
000 -LEADER
fixed length control field 00887nam a22003017a 4500
001 - CONTROL NUMBER
control field 5126
003 - CONTROL NUMBER IDENTIFIER
control field FISKH
005 - DATE AND TIME OF LATEST TRANSACTION
control field 20241107093845.0
008 - FIXED-LENGTH DATA ELEMENTS--GENERAL INFORMATION
fixed length control field 241107b cb ||||| |||| 00| 0 eng d
020 ## - INTERNATIONAL STANDARD BOOK NUMBER
International Standard Book Number 0439309220
040 ## - CATALOGING SOURCE
Original cataloging agency FISKH
Language of cataloging eng
Transcribing agency FISKH
Modifying agency FISKH
050 ## - LIBRARY OF CONGRESS CALL NUMBER
Classification number QL737.C27
082 ## - DEWEY DECIMAL CLASSIFICATION NUMBER
Classification number 599.786
100 ## - MAIN ENTRY--PERSONAL NAME
Personal name Ring, Susan
245 ## - TITLE STATEMENT
Title Polar babies /
Statement of responsibility, etc. by Susan Ring illustrated by Lisa McCue
250 ## - EDITION STATEMENT
Edition statement First printing in 2001
260 ## - PUBLICATION, DISTRIBUTION, ETC.
Place of publication, distribution, etc. New York :
Name of publisher, distributor, etc. Scholastic,
Date of publication, distribution, etc. 2001.
300 ## - PHYSICAL DESCRIPTION
Extent 32 pages :
Other physical details Color illustrations ;
Dimensions 23 cm
505 ## - FORMATTED CONTENTS NOTE
Formatted contents note E<br/>
520 ## - SUMMARY, ETC.
Summary, etc. Polar bear babies wake up, learn to fish, swim, walk on the ice, and enjoy running.
521 8# - TARGET AUDIENCE NOTE
Target audience note 200L<br/>
Source Lexile<br/>
521 8# - TARGET AUDIENCE NOTE
Target audience note E<br/>
Source Raz-Plus<br/>
650 ## - SUBJECT ADDED ENTRY--TOPICAL TERM
Source of heading or term Non-fiction
Topical term or geographic name entry element Arctic
Form subdivision Polar bears
650 ## - SUBJECT ADDED ENTRY--TOPICAL TERM
Source of heading or term Animals
Topical term or geographic name entry element Winter
700 ## - ADDED ENTRY--PERSONAL NAME
Personal name Mccue, Lisa
Dates associated with a name Illustrator
942 ## - ADDED ENTRY ELEMENTS (KOHA)
Source of classification or shelving scheme Dewey Decimal Classification
Koha item type Books
Suppress in OPAC No
Holdings
Withdrawn status Lost status Source of classification or shelving scheme Damaged status Not for loan Collection Home library Current library Shelving location Date acquired Total Checkouts Full call number Barcode Date last seen Copy number Price effective from Koha item type
    Dewey Decimal Classification     Fiction Footprints International School Library Network Toul Kork Campus Footprints International School Library Network Toul Kork Campus TK Primary Library Room(4th Floor), Bookcase 7, Shelves 57-60, Dark Green Books 11/07/2024   RIN 599.786 QL737.C27 FISTK01514 11/07/2024 1 11/07/2024 Books